[Event "Bangabandhu-chT"]
[Site "Dhaka"]
[Date "2024.02.10"]
[Round "10.4"]
[White "Harikrishnan, A Ra"]
[Black "Abdullah Al, Raison"]
[Result "1-0"]
[WhiteElo "2443"]
[BlackElo "1863"]
[PlyCount "99"]
[EventDate "2024.02.01"]
[EventType "team-tourn"]
[EventRounds "11"]
[EventCountry "BAN"]
[SourceTitle "CB07_2024"]
[SourceDate "2024.02.14"]
[SourceVersion "1"]
[SourceVersionDate "2024.02.14"]
[SourceQuality "1"]
[WhiteTeam "Leonine CC"]
[BlackTeam "Janata Bank Welfare Society"]
[WhiteTeamCountry "BAN"]
[BlackTeamCountry "BAN"]

1. d4 Nf6 2. Nf3 d5 3. c3 c6 4. Qc2 g6 5. Bf4 Bf5 6. Qb3 Qb6 7. Nbd2 Nbd7 8. h3 h5 9. e3 Bg7 10. Be2 0-0 11. c4 dxc4 12. Bxc4 Ne4 13. Qxb6 Nxb6 14. Bb3 c5 15. Be5 Nxd2 16. Kxd2 c4 17. Bxg7 Kxg7 18. Bc2 Bxc2 19. Kxc2 Rac8 20. e4 e6 21. Rad1 Rfd8 22. g4 hxg4 23. hxg4 Rh8 24. g5 Rxh1 25. Rxh1 Nd7 26. a4 f6 27. gxf6+ Nxf6 28. Ng5 Rc6 29. e5 Nh5 30. Rh3 b6 31. Rf3 a6 32. Kc3 Kh6 33. Nf7+ Kh7 34. Nd8 Rc7 35. Nxe6 Re7 36. d5 Ng7 37. d6 Rxe6 38. d7 Re8 39. dxe8Q Nxe8 40. e6 Nd6 41. e7 Kg7 42. Kd4 b5 43. Kd5 Ne8 44. axb5 axb5 45. Rf8 Nc7+ 46. Kd6 b4 47. Kxc7 c3 48. e8Q cxb2 49. Qe7+ Kh6 50. Rh8# 1-0

[Event "Bhubaneswar op-A 14th"]
[Site "Bhubaneswar"]
[Date "2023.06.17"]
[Round "9"]
[White "Swastik, Singhal"]
[Black "Abdullah Al, Raison"]
[Result "1/2-1/2"]
[WhiteElo "1490"]
[BlackElo "1891"]
[PlyCount "84"]
[EventDate "2023.06.11"]
[EventType "swiss"]
[EventRounds "10"]
[EventCountry "IND"]
[SourceTitle "CBM 214 Extra"]
[Source "ChessBase"]
[SourceDate "2023.07.31"]
[SourceVersion "1"]
[SourceVersionDate "2023.07.31"]
[SourceQuality "1"]

1. c4 e5 2. Nc3 Nf6 3. Nf3 Nc6 4. d4 exd4 5. Nxd4 Bb4 6. Bg5 h6 7. Bh4 0-0 8. e3 Re8 9. Be2 a6 10. 0-0 Bxc3 11. bxc3 Qe7 12. Re1 d6 13. Nxc6 bxc6 14. Bf3 Bd7 15. Rb1 Reb8 16. Qa4 g5 17. Bg3 Ne4 18. Rxb8+ Rxb8 19. Qxa6 g4 20. Qa7 Rb2 21. Be2 Nxc3 22. Bd3 Rd2 23. Bf1 Rxa2 24. Qxc7 Ne4 25. Bd3 Nxg3 26. hxg3 Qf6 27. Rf1 Qe6 28. Rb1 Qf6 29. Rf1 Qe6 30. Be4 Qxe4 31. Qxd7 Qxc4 32. Qxd6 Kg7 33. Qe5+ Kg6 34. Rd1 Rd2 35. Rxd2 Qc1+ 36. Kh2 Qxd2 37. Qe4+ f5 38. Qe6+ Kg5 39. e4 fxe4 40. Qe5+ Kg6 41. Qxe4+ Kg5 42. Qe5+ Kg6 1/2-1/2

[Event "Bhubaneswar op-A 14th"]
[Site "Bhubaneswar"]
[Date "2023.06.12"]
[Round "2"]
[White "Lakshmi Charan Naidu, G."]
[Black "Abdullah Al, Raison"]
[Result "1-0"]
[WhiteElo "1625"]
[BlackElo "1891"]
[PlyCount "117"]
[EventDate "2023.06.11"]
[EventType "swiss"]
[EventRounds "10"]
[EventCountry "IND"]
[SourceTitle "EXT 2024"]
[Source "ChessBase"]
[SourceDate "2023.10.10"]
[SourceVersion "1"]
[SourceVersionDate "2023.10.10"]
[SourceQuality "1"]

1. d4 Nf6 2. Nf3 e6 3. Bf4 d5 4. e3 Bd6 5. Bg3 0-0 6. Nbd2 c5 7. c3 Qc7 8. Ne5 Nbd7 9. f4 Ne4 10. Nxe4 dxe4 11. Be2 f6 12. Nc4 Be7 13. f5 e5 14. dxe5 Nxe5 15. Qd5+ Kh8 16. Qxe4 Qc6 17. Qxc6 Nxc6 18. 0-0 g6 19. e4 Kg7 20. Rad1 b5 21. Nd6 a6 22. Nxc8 Raxc8 23. Rd7 Rfd8 24. Rfd1 Kf8 25. Rxd8+ Rxd8 26. Rxd8+ Bxd8 27. fxg6 hxg6 28. Bd6+ Be7 29. Bxe7+ Kxe7 30. h4 Ne5 31. Kf2 Ke6 32. g4 Nf7 33. a4 Nd6 34. Ke3 Ke5 35. Bd3 c4 36. Bc2 Nf7 37. h5 gxh5 38. gxh5 Nh6 39. Kf3 Nf7 40. a5 Ng5+ 41. Kg4 Nf7 42. Kf3 Nh6 43. Bd1 f5 44. exf5 Nxf5 45. Bc2 Nd6 46. h6 Kf6 47. h7 Kg7 48. Ke3 Nb7 49. Kd4 Nxa5 50. Kc5 Nb7+ 51. Kb6 Nd8 52. Kxa6 Nc6 53. Kxb5 Ne5 54. Kc5 Nd3+ 55. Kxc4 Nxb2+ 56. Kb3 Nd1 57. Bxd1 Kxh7 58. Kc4 Kg7 59. Kd5 1-0

[Event "Bhubaneswar op-A 14th"]
[Site "Bhubaneswar"]
[Date "2023.06.11"]
[Round "1"]
[White "Abdullah Al, Raison"]
[Black "Rout, Yashita"]
[Result "1/2-1/2"]
[WhiteElo "1891"]
[BlackElo "1655"]
[PlyCount "72"]
[EventDate "2023.06.11"]
[EventType "swiss"]
[EventRounds "10"]
[EventCountry "IND"]
[SourceTitle "EXT 2024"]
[Source "ChessBase"]
[SourceDate "2023.10.10"]
[SourceVersion "1"]
[SourceVersionDate "2023.10.10"]
[SourceQuality "1"]

1. e4 e5 2. Bc4 Nf6 3. d3 Nc6 4. Nf3 Bc5 5. c3 d6 6. 0-0 a6 7. a4 Ba7 8. Re1 0-0 9. Nbd2 Ng4 10. Re2 Kh8 11. h3 Nh6 12. Nf1 f5 13. Bxh6 gxh6 14. Qd2 Qf6 15. N1h2 f4 16. Rd1 Bd7 17. b4 Rad8 18. Kh1 Ne7 19. Bb3 Ng6 20. Qa2 Rde8 21. Kg1 Nh4 22. d4 Nxf3+ 23. Nxf3 exd4 24. cxd4 Qg6 25. Kh2 Re7 26. e5 Rg7 27. Rg1 Qh5 28. e6 Be8 29. Qc2 c6 30. Qc3 d5 31. Bc2 Bb8 32. Qc5 Rfg8 33. Qc3 Bd6 34. Ree1 Bc7 35. Qd2 Bd6 36. Qc3 Bc7 1/2-1/2

[Event "Dhaka Metropolis op U2100"]
[Site "Dhaka"]
[Date "2022.10.22"]
[Round "6"]
[White "Md Saiful, Islam1111"]
[Black "Abdullah Al, Raison"]
[Result "0-1"]
[WhiteElo "1675"]
[BlackElo "1915"]
[PlyCount "52"]
[EventDate "2022.10.17"]
[EventType "swiss"]
[EventRounds "9"]
[EventCountry "BAN"]
[SourceTitle "EXT 2024"]
[Source "ChessBase"]
[SourceDate "2023.10.10"]
[SourceVersion "1"]
[SourceVersionDate "2023.10.10"]
[SourceQuality "1"]

1. e4 c5 2. Nf3 e6 3. d4 cxd4 4. Nxd4 Nc6 5. c3 Nf6 6. Bd3 d5 7. exd5 Nxd4 8. cxd4 Qxd5 9. 0-0 Bd7 10. Be3 Bc6 11. f3 Bd6 12. Nc3 Qh5 13. h3 0-0 14. a3 a6 15. Qd2 Rad8 16. Rad1 Qh4 17. Ne2 h6 18. Bf2 Qh5 19. Nf4 Qg5 20. Be3 Qg3 21. Qf2 Bxf4 22. Qxg3 Bxg3 23. b3 Nd5 24. Bd2 Nf4 25. Bxf4 Bxf4 26. Be4 Bb5 0-1

[Event "Dhaka Metropolis op U2100"]
[Site "Dhaka"]
[Date "2022.10.19"]
[Round "3"]
[White "Abdullah Al, Raison"]
[Black "Sohag, Hossain"]
[Result "1/2-1/2"]
[WhiteElo "1915"]
[BlackElo "1767"]
[PlyCount "54"]
[EventDate "2022.10.17"]
[EventType "swiss"]
[EventRounds "9"]
[EventCountry "BAN"]
[SourceTitle "EXT 2024"]
[Source "ChessBase"]
[SourceDate "2023.10.10"]
[SourceVersion "1"]
[SourceVersionDate "2023.10.10"]
[SourceQuality "1"]

1. e4 c5 2. Nf3 e6 3. d4 cxd4 4. Nxd4 a6 5. Nc3 Qc7 6. Be2 b5 7. 0-0 Bb7 8. a3 Nf6 9. Bf3 d6 10. Re1 Nbd7 11. g3 Be7 12. Bg2 0-0 13. Nb3 Ne5 14. h3 Nc4 15. Nd2 Ne5 16. Nf3 Nc4 17. Nd2 Ne5 18. f4 Ng6 19. Kh2 Rac8 20. Qe2 Rfe8 21. Nb3 Nd7 22. Be3 Bf6 23. Rad1 Red8 24. Qf2 Bxc3 25. bxc3 Re8 26. Rd3 Ne7 27. g4 e5 1/2-1/2

[Event "BAN-chT2"]
[Site "Dhaka"]
[Date "2022.07.20"]
[Round "3.4"]
[White "Md Anisur, Rahman"]
[Black "Abdullah Al, Raison"]
[Result "0-1"]
[WhiteElo "1820"]
[BlackElo "1888"]
[PlyCount "68"]
[EventDate "2022.07.18"]
[EventType "team-swiss"]
[EventRounds "9"]
[EventCountry "BAN"]
[SourceTitle "EXT 2023"]
[Source "ChessBase"]
[SourceDate "2022.10.05"]
[SourceVersion "1"]
[SourceVersionDate "2022.10.05"]
[SourceQuality "1"]
[WhiteTeam "Bangladesh Police Prime"]
[BlackTeam "Sports Bangla"]
[WhiteTeamCountry "BAN"]
[BlackTeamCountry "BAN"]

1. d4 Nf6 2. c4 e6 3. Nc3 Bb4 4. e3 0-0 5. Bd3 d5 6. Nf3 b6 7. 0-0 dxc4 8. Bxc4 Bb7 9. Bd3 Nbd7 10. Bd2 c5 11. a3 Bxc3 12. Bxc3 Ne4 13. Bxe4 Bxe4 14. dxc5 Nxc5 15. Bb4 Qf6 16. Qd4 Rfd8 17. Qxf6 gxf6 18. Bxc5 bxc5 19. Rfd1 Rdb8 20. Rac1 Rxb2 21. Rxc5 Rab8 22. h3 Ra2 23. Rc4 f5 24. Rc3 Rbb2 25. Rf1 Bb7 26. e4 Ba6 27. Rcc1 Bxf1 28. Rxf1 fxe4 29. Nh4 Kg7 30. Re1 Re2 31. Rxe2 Rxe2 32. Kf1 Ra2 33. f3 exf3 34. Nxf3 Rxa3 0-1

[Event "BAN-chT2"]
[Site "Dhaka"]
[Date "2022.07.18"]
[Round "1.4"]
[White "Mahbubur Rahman, Kazi"]
[Black "Abdullah Al, Raison"]
[Result "0-1"]
[WhiteElo "1327"]
[BlackElo "1888"]
[PlyCount "69"]
[EventDate "2022.07.18"]
[EventType "team-swiss"]
[EventRounds "9"]
[EventCountry "BAN"]
[SourceTitle "EXT 2023"]
[Source "ChessBase"]
[SourceDate "2022.10.05"]
[SourceVersion "1"]
[SourceVersionDate "2022.10.05"]
[SourceQuality "1"]
[WhiteTeam "Afroze Chess World"]
[BlackTeam "Sports Bangla"]
[WhiteTeamCountry "BAN"]
[BlackTeamCountry "BAN"]

1. e4 c5 2. Nf3 d6 3. c3 Nf6 4. Be2 g6 5. Qc2 Bg7 6. 0-0 0-0 7. d4 cxd4 8. cxd4 Nc6 9. d5 Nb8 10. Nc3 a6 11. Be3 Nbd7 12. Rac1 b6 13. Nd4 Bb7 14. f3 Rc8 15. Qd2 Ne5 16. b3 Rc7 17. Rc2 Qb8 18. Rfc1 Rfc8 19. h3 b5 20. Nd1 Rxc2 21. Rxc2 Rc7 22. Qc1 Rxc2 23. Qxc2 Qc8 24. Qxc8+ Bxc8 25. f4 Ned7 26. Nc6 Kf8 27. Bf3 Bb7 28. b4 Ke8 29. Kf2 h5 30. Ke2 Nf8 31. Na5 Ba8 32. g4 hxg4 33. hxg4 Kd7 34. g5 Ne8 35. Kd3 0-1

[Event "Dhaka Chowdhury Memorial op-B 2nd"]
[Site "Dhaka"]
[Date "2022.07.05"]
[Round "5"]
[White "Sarwar, Hossain Ullash"]
[Black "Abdullah Al, Raison"]
[Result "0-1"]
[WhiteElo "1845"]
[BlackElo "1888"]
[PlyCount "37"]
[EventDate "2022.07.02"]
[EventType "swiss"]
[EventRounds "9"]
[EventCountry "BAN"]
[SourceTitle "EXT 2023"]
[Source "ChessBase"]
[SourceDate "2022.10.05"]
[SourceVersion "1"]
[SourceVersionDate "2022.10.05"]
[SourceQuality "1"]

1. d4 Nf6 2. c4 e6 3. Bg5 d5 4. cxd5 exd5 5. Nc3 Bb4 6. e3 h6 7. Bh4 0-0 8. Bd3 c5 9. dxc5 Nbd7 10. Nge2 Nxc5 11. 0-0 Nxd3 12. Qxd3 Be7 13. Rfd1 Qb6 14. Qb5 Qxb5 15. Nxb5 Be6 16. Rac1 Rac8 17. Nxa7 Rc3 18. Rc2 Rxc2 19. Rc1 0-1

[Event "Dhaka Chowdhury Memorial op-B 2nd"]
[Site "Dhaka"]
[Date "2022.07.04"]
[Round "4"]
[White "Abdullah Al, Raison"]
[Black "Jahirul, Alam Mohan"]
[Result "1-0"]
[WhiteElo "1888"]
[BlackElo "1819"]
[PlyCount "69"]
[EventDate "2022.07.02"]
[EventType "swiss"]
[EventRounds "9"]
[EventCountry "BAN"]
[SourceTitle "EXT 2023"]
[Source "ChessBase"]
[SourceDate "2022.10.05"]
[SourceVersion "1"]
[SourceVersionDate "2022.10.05"]
[SourceQuality "1"]

1. e4 c5 2. Nf3 Nc6 3. d4 cxd4 4. Nxd4 Nf6 5. Nc3 e5 6. Ndb5 Bb4 7. a3 Bxc3+ 8. Nxc3 d6 9. Bg5 h6 10. Bh4 0-0 11. Qd3 Be6 12. 0-0-0 g5 13. Bg3 Nd4 14. Ne2 Nxe2+ 15. Bxe2 Qb6 16. f3 Rfd8 17. h4 Nh5 18. Bh2 Nf4 19. Bxf4 gxf4 20. g3 Rac8 21. gxf4 Bc4 22. Qd2 Bxe2 23. Qxe2 exf4 24. Qd2 Qc5 25. Rh2 Qe5 26. Rg2+ Kh7 27. Rg4 f5 28. Rxf4 fxe4 29. Rxe4 Qf6 30. Rde1 Rc7 31. Qd3 Kh8 32. Qe3 Rdc8 33. Re2 Kh7 34. Re7+ Rxe7 35. Qxe7+ 1-0

[Event "Dhaka Chowdhury Memorial op-B 2nd"]
[Site "Dhaka"]
[Date "2022.07.03"]
[Round "3"]
[White "Golam Rasul, Bhuiyan"]
[Black "Abdullah Al, Raison"]
[Result "0-1"]
[WhiteElo "1771"]
[BlackElo "1888"]
[PlyCount "82"]
[EventDate "2022.07.02"]
[EventType "swiss"]
[EventRounds "9"]
[EventCountry "BAN"]
[SourceTitle "EXT 2023"]
[Source "ChessBase"]
[SourceDate "2022.10.05"]
[SourceVersion "1"]
[SourceVersionDate "2022.10.05"]
[SourceQuality "1"]

1. e4 c5 2. Nf3 e6 3. d4 cxd4 4. Nxd4 Nc6 5. Nc3 Qc7 6. Be3 a6 7. a4 Nf6 8. Be2 Bb4 9. f3 Ne5 10. 0-0 d6 11. Na2 Bc5 12. b4 Ba7 13. Bf2 Bd7 14. c3 0-0 15. Qb3 Rfc8 16. Rac1 Nc4 17. Rfd1 e5 18. Bxc4 Qxc4 19. Qxc4 Rxc4 20. Ne2 Bxf2+ 21. Kxf2 Bxa4 22. Rxd6 Kf8 23. Rb6 Bc6 24. Rd1 Ke7 25. b5 Nd7 26. Rxd7+ Bxd7 27. Rxb7 a5 28. Nec1 Kd8 29. Nd3 f6 30. Nb2 Rc5 31. c4 Kc8 32. Rb6 Kc7 33. Nc3 Kxb6 34. Nca4+ Kc7 35. Nxc5 Rd8 36. Ke3 Bc8 37. Nb3 Be6 38. Nxa5 Ra8 39. Nc6 Ra2 40. Nd1 Bxc4 41. Nb4 Re2# 0-1

[Event "Dhaka Chowdhury Memorial op-B 2nd"]
[Site "Dhaka"]
[Date "2022.07.02"]
[Round "1"]
[White "Kazi, Salauddin"]
[Black "Abdullah Al, Raison"]
[Result "0-1"]
[WhiteElo "1604"]
[BlackElo "1888"]
[PlyCount "64"]
[EventDate "2022.07.02"]
[EventType "swiss"]
[EventRounds "9"]
[EventCountry "BAN"]
[SourceTitle "EXT 2023"]
[Source "ChessBase"]
[SourceDate "2022.10.05"]
[SourceVersion "1"]
[SourceVersionDate "2022.10.05"]
[SourceQuality "1"]

1. c4 e5 2. e3 e4 3. Nc3 Nf6 4. Qc2 Qe7 5. d3 exd3 6. Bxd3 Nc6 7. a3 Ne5 8. Be2 b6 9. h3 Bb7 10. e4 Ng6 11. Nd5 Nxd5 12. exd5 c6 13. Be3 cxd5 14. cxd5 Nh4 15. Bf3 Nxf3+ 16. Nxf3 Bxd5 17. Qf5 Qe6 18. Qxe6+ dxe6 19. Nh4 Be7 20. Nf3 Bf6 21. Bd4 Bxd4 22. Nxd4 Bxg2 23. Rg1 Be4 24. Nb5 Ke7 25. Nc3 Bg6 26. f3 Rad8 27. Na2 Rd3 28. Ke2 Rb3 29. Nb4 Rxb2+ 30. Ke3 Rc8 31. h4 a5 32. Ra2 Rb3+ 0-1

[Event "Dhaka Marcel op"]
[Site "Dhaka"]
[Date "2022.04.26"]
[Round "8"]
[White "Abdullah Al, Raison"]
[Black "Bhuiyan, Golam Mostafa"]
[Result "1-0"]
[WhiteElo "1815"]
[BlackElo "2037"]
[PlyCount "97"]
[EventDate "2022.04.19"]
[EventType "swiss"]
[EventRounds "9"]
[EventCountry "BAN"]
[SourceTitle "EXT 2023"]
[Source "ChessBase"]
[SourceDate "2022.10.05"]
[SourceVersion "1"]
[SourceVersionDate "2022.10.05"]
[SourceQuality "1"]

1. e4 d6 2. d4 Nf6 3. Nc3 c6 4. f4 g6 5. Nf3 Bg7 6. Bd3 0-0 7. 0-0 Qb6 8. Kh1 Bg4 9. Be2 a5 10. h3 Bc8 11. e5 Ne8 12. Bc4 Qd8 13. a4 Nc7 14. Be3 Nd7 15. Qe1 Nb6 16. Bb3 d5 17. Ne2 Nc4 18. Bc1 e6 19. c3 f5 20. Bc2 b5 21. b3 Nb6 22. Ba3 Re8 23. Bc5 Na6 24. axb5 cxb5 25. Rxa5 Nc4 26. Rxa6 Rxa6 27. bxc4 dxc4 28. Qb1 Qd7 29. Rd1 Bb7 30. d5 Bxd5 31. Ned4 Ra5 32. Bb4 Ra7 33. Ng5 h6 34. Ngf3 Rb7 35. Kh2 Bf8 36. g4 Bxb4 37. Qxb4 fxg4 38. hxg4 Qf7 39. Kg3 Rf8 40. Ne2 g5 41. f5 Bxf3 42. Kxf3 h5 43. f6 Rd7 44. Bg6 hxg4+ 45. Ke3 Rxd1 46. Bxf7+ Rxf7 47. Qa5 Rd3+ 48. Kf2 Rdd7 49. Nd4 1-0

[Event "Dhaka Bangabandhu op-B"]
[Site "Dhaka"]
[Date "2021.03.10"]
[Round "2"]
[White "Abdullah Al, Raison"]
[Black "Ahmed, Feroz"]
[Result "1/2-1/2"]
[WhiteElo "1784"]
[BlackElo "1959"]
[PlyCount "43"]
[EventDate "2021.03.09"]
[EventType "swiss"]
[EventRounds "9"]
[EventCountry "BAN"]
[SourceTitle "CBM 201 Extra"]
[Source "ChessBase"]
[SourceDate "2021.05.31"]
[SourceVersion "1"]
[SourceVersionDate "2021.05.31"]
[SourceQuality "1"]

1. e4 c5 2. Nf3 Nc6 3. d4 cxd4 4. Nxd4 e6 5. Nc3 Qc7 6. Be2 a6 7. 0-0 Nf6 8. Be3 Bb4 9. Nxc6 bxc6 10. Na4 0-0 11. Nb6 Rb8 12. Nxc8 Qxc8 13. Bd4 Nxe4 14. Bd3 Nc5 15. Bxh7+ Kxh7 16. Qh5+ Kg8 17. Bxg7 Kxg7 18. Qg5+ Kh7 19. Qh5+ Kg7 20. Qg5+ Kh7 21. Qh5+ Kg8 22. Qg5+ 1/2-1/2

[Event "BAN-ch U20"]
[Site "Dhaka"]
[Date "2018.05.10"]
[Round "6"]
[White "Abdullah Al, Raison"]
[Black "Jabed, Al Azad"]
[Result "0-1"]
[WhiteElo "1828"]
[BlackElo "1968"]
[PlyCount "110"]
[EventDate "2018.05.05"]
[EventType "swiss"]
[EventRounds "8"]
[EventCountry "BAN"]
[SourceTitle "CBM 184 Extra"]
[Source "ChessBase"]
[SourceDate "2018.06.28"]
[SourceVersion "1"]
[SourceVersionDate "2018.06.28"]
[SourceQuality "1"]

1. e4 Nc6 2. Nc3 e5 3. Bc4 Nf6 4. d3 Bc5 5. f4 d6 6. f5 h6 7. Nf3 Ng4 8. Rf1 Nxh2 9. Rh1 Ng4 10. Rf1 Nf6 11. Rh1 Qe7 12. Bg5 Bb4 13. a3 Bxc3+ 14. bxc3 Bd7 15. Rb1 0-0-0 16. Bh4 g5 17. fxg6 fxg6 18. Qc1 g5 19. Qb2 b6 20. Bf2 Na5 21. Ba6+ Kb8 22. Qb4 Ka8 23. Qxa5 c5 24. Rxb6 axb6 25. Qxb6 Rb8 26. Qc7 Ne8 27. Qa5 Qd8 28. Qxd8 Rxd8 29. d4 Rb8 30. Kd2 exd4 31. cxd4 Nf6 32. Re1 Bc6 33. d5 Ba4 34. e5 dxe5 35. Nxe5 Rhd8 36. Kc1 Nxd5 37. Bxc5 Nc3 38. Bb4 Na2+ 39. Kb2 Nxb4 40. axb4 Rxb4+ 41. Ka3 Rb6 42. Kxa4 Rxa6+ 43. Kb5 Re6 44. Kc5 Kb7 45. g4 Kc7 46. c4 Rd2 47. Re3 Re8 48. Re1 h5 49. gxh5 g4 50. h6 g3 51. h7 Rh2 52. Nf3 Rxe1 53. Nxe1 Rxh7 54. Kd4 Rh1 55. Ng2 Rh2 0-1

[Event "Dhaka Powertec op-B"]
[Site "Dhaka"]
[Date "2017.07.16"]
[Round "2"]
[White "Abdullah Al, Raison"]
[Black "Sonkalan, Bharati"]
[Result "0-1"]
[WhiteElo "1817"]
[BlackElo "1978"]
[PlyCount "60"]
[EventDate "2017.07.15"]
[EventType "swiss"]
[EventRounds "9"]
[EventCountry "BAN"]
[SourceTitle "EXT 2018"]
[Source "ChessBase"]
[SourceDate "2017.10.13"]
[SourceVersion "1"]
[SourceVersionDate "2017.10.13"]
[SourceQuality "1"]

1. e4 c5 2. Nf3 d6 3. d4 cxd4 4. Nxd4 Nf6 5. Nc3 g6 6. Be3 Bg7 7. f3 0-0 8. Qd2 Nc6 9. Bc4 Bd7 10. Bb3 Rb8 11. 0-0-0 Na5 12. Bh6 Bxh6 13. Qxh6 b5 14. h4 e5 15. Nde2 b4 16. Nb1 Nxb3+ 17. axb3 Be6 18. Nd2 Qc7 19. Kb1 Rb6 20. h5 Ra6 21. c4 bxc3 22. Nxc3 Rb8 23. hxg6 fxg6 24. Rc1 Qf7 25. Qe3 Bxb3 26. Nxb3 Qxb3 27. Rc2 Ra1+ 28. Kxa1 Qxc2 29. Qe2 Rxb2 30. Qxc2 Rxc2 0-1

[Event "BAN-chT"]
[Site "Dhaka"]
[Date "2016.11.30"]
[Round "8.2"]
[White "Abdullah Al, Raison"]
[Black "Shawket Bin, Osman Shaon"]
[Result "0-1"]
[WhiteElo "1712"]
[BlackElo "2082"]
[PlyCount "132"]
[EventDate "2016.11.23"]
[EventType "team-tourn"]
[EventRounds "9"]
[EventCountry "BAN"]
[SourceTitle "EXT 2018"]
[Source "ChessBase"]
[SourceDate "2017.10.13"]
[SourceVersion "1"]
[SourceVersionDate "2017.10.13"]
[SourceQuality "1"]
[WhiteTeam "Kasparov CC"]
[BlackTeam "Hasan Memorial CC"]
[WhiteTeamCountry "BAN"]
[BlackTeamCountry "BAN"]

1. e4 d6 2. d4 g6 3. Nc3 Bg7 4. f4 c6 5. Nf3 Nf6 6. Bd3 0-0 7. 0-0 Qc7 8. f5 e5 9. dxe5 dxe5 10. Kh1 Nbd7 11. Bg5 Nc5 12. Qd2 Nxd3 13. cxd3 Ne8 14. Bh6 gxf5 15. exf5 Bxf5 16. Ne4 Bg6 17. Nh4 f6 18. Nf5 Bxf5 19. Rxf5 Nd6 20. Nxd6 Qxd6 21. Rf3 Kh8 22. Bxg7+ Kxg7 23. Rh3 Kh8 24. Qh6 Qe7 25. Rf1 Rad8 26. Qh4 Rd4 27. Qh6 Rf4 28. Rhf3 Rxf3 29. Rxf3 Qg7 30. Qe3 Rd8 31. h3 b6 32. Qe4 c5 33. Qc6 Rf8 34. Kg1 f5 35. Qd6 Qf6 36. Qd7 a5 37. a4 f4 38. Rf2 Rd8 39. Qb5 Qd6 40. Rf3 Kg7 41. g3 fxg3 42. Rxg3+ Kh8 43. Qc4 Qd4+ 44. Qxd4 Rxd4 45. Re3 Rxa4 46. Rxe5 Rb4 47. Re2 Kg7 48. Kf2 Rb3 49. Rd2 Kf6 50. Ke1 Ke5 51. Kd1 Kf4 52. Kc2 Rb4 53. Rg2 Kf3 54. Rg7 h5 55. Rg5 h4 56. Rg6 a4 57. Kc3 b5 58. Rg5 Rb3+ 59. Kc2 Rb4 60. Kc3 Rf4 61. Kd2 b4 62. Rxc5 Kg3 63. Rg5+ Kxh3 64. Ke3 Rg4 65. Rxg4 Kxg4 66. d4 a3 0-1

[Event "BAN-chT"]
[Site "Dhaka"]
[Date "2016.11.28"]
[Round "6.2"]
[White "Abdullah Al, Raison"]
[Black "Islam, Obaidul Shahin"]
[Result "0-1"]
[WhiteElo "1712"]
[BlackElo "2020"]
[PlyCount "36"]
[EventDate "2016.11.23"]
[EventType "team-tourn"]
[EventRounds "9"]
[EventCountry "BAN"]
[SourceTitle "EXT 2018"]
[Source "ChessBase"]
[SourceDate "2017.10.13"]
[SourceVersion "1"]
[SourceVersionDate "2017.10.13"]
[SourceQuality "1"]
[WhiteTeam "Kasparov CC"]
[BlackTeam "Agrani Bank Daba Dal"]
[WhiteTeamCountry "BAN"]
[BlackTeamCountry "BAN"]

1. e4 d6 2. d4 g6 3. Nc3 Bg7 4. f4 c6 5. Nf3 Nd7 6. Be3 Ngf6 7. h3 Nh5 8. g4 Ng3 9. Rg1 Nxf1 10. Rxf1 Qb6 11. Na4 Qa5+ 12. c3 b5 13. b4 Qxa4 14. Qxa4 bxa4 15. f5 Ba6 16. Rf2 Nf6 17. Nd2 Bd3 18. e5 Nd5 0-1

[Event "BAN-chT"]
[Site "Dhaka"]
[Date "2016.11.26"]
[Round "4.2"]
[White "Abdullah Al, Raison"]
[Black "Islam, Rezaul Babu"]
[Result "1-0"]
[WhiteElo "1712"]
[BlackElo "1945"]
[PlyCount "45"]
[EventDate "2016.11.23"]
[EventType "team-tourn"]
[EventRounds "9"]
[EventCountry "BAN"]
[SourceTitle "EXT 2018"]
[Source "ChessBase"]
[SourceDate "2017.10.13"]
[SourceVersion "1"]
[SourceVersionDate "2017.10.13"]
[SourceQuality "1"]
[WhiteTeam "Kasparov CC"]
[BlackTeam "Mir CC"]
[WhiteTeamCountry "BAN"]
[BlackTeamCountry "BAN"]

1. e4 d6 2. d4 Nf6 3. Nc3 g6 4. f4 Bg7 5. Nf3 0-0 6. Bd3 Nbd7 7. e5 dxe5 8. dxe5 Ng4 9. h3 Nh6 10. Be3 Nb6 11. g4 f6 12. Qe2 Be6 13. exf6 exf6 14. Bxb6 axb6 15. Qxe6+ Nf7 16. 0-0-0 Qb8 17. Bc4 Kh8 18. Rd7 b5 19. Nxb5 c6 20. Nc7 b5 21. Bb3 Ra7 22. Qe7 Rc8 23. Qxf7 1-0